书目信息 |
| 题名: |
揭秘Kotlin编程原理
|
|
| 作者: | 封亚飞 著 | |
| 分册: | ||
| 出版信息: | 北京 电子工业出版社 2018.03 |
|
| 页数: | 288页 | |
| 开本: | 24cm | |
| 丛书名: | ||
| 单 册: | ||
| 中图分类: | TP312JA , TP312.8 | |
| 科图分类: | ||
| 主题词: | JAVA语言--程序设计 | |
| 电子资源: | ||
| ISBN: | 978-7-121-33481-8 | |
| 000 | 00735nam0 2200241 450 | |
| 001 | 1281 | |
| 005 | 20180927171326.66 | |
| 010 | @a978-7-121-33481-8@dCNY79.00 | |
| 100 | @a20180412d2018 em y0chiy50 ea | |
| 101 | 0 | @achi |
| 102 | @aCN@b110000 | |
| 105 | @ay z 000yy | |
| 200 | 1 | @a揭秘Kotlin编程原理@9jie mi Kotlin bian cheng yuan li@f封亚飞著 |
| 210 | @a北京@c电子工业出版社@d2018.03 | |
| 215 | @a288页@d24cm | |
| 330 | @a本书主要从封装、继承和多态三个方面全面介绍Kotlin面向对象设计的语法特性及其背后的实现方式。 | |
| 606 | 0 | @aJAVA语言@x程序设计 |
| 610 | 0 | @aKotlin |
| 690 | @aTP312JA@v5 | |
| 690 | @aTP312.8@v4 | |
| 701 | 0 | @a封亚飞@9feng ya fei@4著 |
| 801 | 0 | @aCN@b91MARC@c20180412 |
| 905 | @aMuseLib@dTP312.8@e1309 | |
| 揭秘Kotlin编程原理/封亚飞著.-北京:电子工业出版社,2018.03 |
| 288页;24cm |
| ISBN 978-7-121-33481-8:CNY79.00 |
| 本书主要从封装、继承和多态三个方面全面介绍Kotlin面向对象设计的语法特性及其背后的实现方式。 |
| ● |
| 相关链接 |
|
|
|
|
正题名:揭秘Kotlin编程原理
索取号:TP312.8/1309
 
预约/预借
| 序号 | 登录号 | 条形码 | 馆藏地/架位号 | 状态 | 备注 |
| 1 | 1122192 | 211221925 | 第二样本阅览室/ [索取号:TP312.8/1309] | 在馆 | |
| 2 | 1122193 | 211221934 | 第三借阅区/ [索取号:TP312.8/1309] | 在馆 | |
| 3 | 1122194 | 211221943 | 第三借阅区/ [索取号:TP312.8/1309] | 在馆 | |
| 4 | 1122195 | 211221952 | 第三借阅区/ [索取号:TP312.8/1309] | 在馆 | |
| 5 | 1122196 | 211221961 | 第三借阅区/ [索取号:TP312.8/1309] | 在馆 |